[Event "Olimpiade 2014 - Open"]
[Site "Tromsø"]
[Date "14.08.2014"]
[Round "11.37"]
[Board "4"]
[White "Nikcevic, Nebojsa"]
[Black "Averbukh, Alex"]
[Result "0-1"]
[WhiteTitle "GM"]
[WhiteElo "2427"]
[BlackElo "2183"]
[WhiteTeam "Montenegro"]
[BlackTeam "Japan"]
[WhiteFideId "901776"]
[BlackFideId "2028255"]
[EventDate "2014.08.02"]

1. c4 b6 2. Nc3 Bb7 3. e4 e6 4. g3 h5 5. Bg2 h4 6. d4 Bb4 7. Ne2 h3 8. Bf3 Qf6
9. Qd3 c5 10. d5 Ne7 11. Bg4 Qg6 12. Nf4 Bxc3+ 13. bxc3 Qxg4 14. f3 Qg5 15. Nxe6
Qg6 16. Nc7+ Kd8 17. Nxa8 Bxa8 18. a4 d6 19. a5 Bb7 20. O-O Nd7 21. Bf4 Nc8 22.
a6 Ba8 23. Bd2 Re8 24. Rfe1 Nf6 25. Qf1 Rh8 26. g4 Nd7 27. Kh1 Ne7 28. Qe2 Nc8
29. Rg1 Re8 30. Qf1 Rxe4 31. Rg3 Re8 32. Rxh3 Ne5 33. Re1 b5 34. Bf4 f6 35. Bxe5
fxe5 36. Rb1 bxc4 37. Rb7 Bxb7 38. axb7 Kc7 39. bxc8=Q+ Rxc8 40. Qxc4 Qb1+ 41.
Kg2 Rb8 42. Rh5 Rb2+ 43. Kh3 Qh1 44. Kh4 Rxh2+ 45. Kg5 Qxf3 46. Kg6 Rg2 47. g5
Rf2 48. Qh4 Qf7+ 49. Kh7 g6+ 50. Kh6 gxh5 51. Qa4 Kd8 52. Qc6 Qf8+ 0-1

[Event "Olimpiade 2014 - Open"]
[Site "Tromsø"]
[Date "14.08.2014"]
[Round "11.38"]
[Board "1"]
[White "Jones, Richard S."]
[Black "Baburin, Alexander"]
[Result "1-0"]
[WhiteTitle "IM"]
[BlackTitle "GM"]
[WhiteElo "2414"]
[BlackElo "2502"]
[WhiteTeam "Wales"]
[BlackTeam "Ireland"]
[WhiteFideId "1800833"]
[BlackFideId "2500914"]
[EventDate "2014.08.02"]

1. e4 Nf6 2. e5 Nd5 3. d4 d6 4. Nf3 dxe5 5. Nxe5 c6 6. Be2 Bf5 7. c4 Nf6 8. Nc3
Nbd7 9. g4 Nxe5 10. gxf5 Ned7 11. Bf4 Qa5 12. Qc2 g6 13. Bd3 Bg7 14. O-O-O Nh5
15. Be3 O-O-O 16. Be2 Ndf6 17. Rhg1 Kb8 18. Kb1 Rd7 19. Na4 b6 20. Bf3 Rc8 21.
fxg6 hxg6 22. Rg5 Qa6 23. Rd3 Rcc7 24. Rb3 Kc8 25. Ra3 Qb7 26. Nc3 Qb8 27. Qa4
Bh6 28. Rxh5 Nxh5 29. Bxh6 Rxd4 30. Bxc6 Kd8 31. Nd5 Rc8 32. Bf8 1-0

[Event "Olimpiade 2014 - Open"]
[Site "Tromsø"]
[Date "14.08.2014"]
[Round "11.38"]
[Board "2"]
[White "Collins, Sam E."]
[Black "Kett, Tim"]
[Result "1-0"]
[WhiteTitle "IM"]
[WhiteElo "2495"]
[BlackElo "2244"]
[WhiteTeam "Ireland"]
[BlackTeam "Wales"]
[WhiteFideId "2501198"]
[BlackFideId "1801210"]
[EventDate "2014.08.02"]

1. e4 e5 2. Nf3 Nc6 3. Bb5 a6 4. Bxc6 dxc6 5. d4 exd4 6. Qxd4 Qxd4 7. Nxd4 Bd7
8. Nc3 O-O-O 9. Be3 f6 10. O-O-O Ne7 11. Rhe1 Ng6 12. a3 Ne5 13. f3 g6 14. h3
Bg7 15. b3 Rhe8 16. f4 Nf7 17. Nf3 b6 18. b4 Kb7 19. Rd3 Be6 20. Red1 Rd6 21. g4
Rxd3 22. cxd3 Nd6 23. Bd2 Ra8 24. f5 Bg8 25. Kb2 a5 26. Nd4 axb4 27. axb4 c5 28.
bxc5 bxc5 29. Nb3 Kc6 30. Kc2 Bf8 31. Bc1 c4 32. Nd4+ Kb7 33. Bf4 cxd3+ 34. Kxd3
Bc4+ 35. Kc2 Re8 36. Rb1+ Kc8 37. Ra1 Kb7 38. Ra4 Bf7 39. Rb4+ Kc8 40. Ra4 Kb7
41. Nb3 Nc8 42. Na5+ Kb8 43. Nc6+ Kb7 44. Na5+ Kb8 45. Nb5 Bd6 46. Nxd6 Nxd6 47.
Rb4+ Kc8 48. Bxd6 cxd6 49. Rb7 Bg8 50. Rg7 d5 51. Nc6 Rxe4 52. fxg6 hxg6 53.
Rxg8+ Kc7 54. Na5 g5 55. Nb3 Kd6 56. Kd3 Ra4 57. Re8 Ra3 58. Kc3 Ra2 59. Re3 Rf2
60. Nd4 Rf1 61. Rf3 Rc1+ 62. Kd2 Ra1 63. Re3 Ra2+ 64. Kd3 Ra3+ 65. Ke2 Ra2+ 66.
Kf3 Rh2 67. Kg3 Rd2 68. Nf5+ Kc5 69. Rc3+ Kb5 70. Rf3 d4 71. Nd6+ Kb4 72. Ne4
Re2 73. Nxf6 Kc4 74. Rf2 Re3+ 75. Kg2 d3 76. Nh5 Kc3 77. Ng3 Re1 78. Nf1 Re8 79.
Nd2 Re7 80. Nf3 Re8 81. Kg3 Re3 82. h4 gxh4+ 83. Kxh4 Re4 84. Kg3 Re8 85. g5 Re4
86. Rg2 Re6 87. Kf4 Re8 88. Kg4 Rg8 89. Rg1 Rg7 90. Rc1+ Kb2 91. Rc5 Rd7 92. g6
d2 93. Nxd2 Rxd2 94. Kg5 1-0

[Event "Olimpiade 2014 - Open"]
[Site "Tromsø"]
[Date "14.08.2014"]
[Round "11.38"]
[Board "3"]
[White "Sands, David A"]
[Black "Astaneh Lopez, Alex"]
[Result "1/2-1/2"]
[BlackTitle "IM"]
[WhiteElo "2210"]
[BlackElo "2419"]
[WhiteTeam "Wales"]
[BlackTeam "Ireland"]
[WhiteFideId "402060"]
[BlackFideId "2501430"]
[EventDate "2014.08.02"]

1. d4 d5 2. Nf3 c6 3. c4 Nf6 4. e3 Bf5 5. cxd5 Nxd5 6. Be2 e6 7. O-O Nd7 8. Nbd2
Bg6 9. Nc4 Qc7 10. Bd2 N5b6 11. Rc1 Nxc4 12. Rxc4 Be7 13. Qb3 Be4 14. Rcc1 Qb6
15. Bc3 Qxb3 16. axb3 O-O 17. Nd2 Bg6 18. Nc4 h5 19. Ra1 h4 20. Rfc1 Nf6 21. Be1
Nd5 22. Ne5 Bh7 23. Bf3 g5 24. Ra5 Rfc8 25. Bh5 Rf8 26. Be2 Bd8 27. Raa1 a6 28.
h3 Be7 29. Nc4 Rad8 30. Ba5 Rde8 31. Ne5 Kg7 32. Be1 Bd6 33. Nc4 Bb8 34. Bf3 f6
35. Bd2 Kh6 36. Na5 Rf7 37. Nc4 Bg6 38. Be2 Rd7 39. Be1 Bh5 40. Kf1 Rg8 41. Bxh5
Kxh5 42. Ba5 g4 43. Nb6 Rdg7 44. Nxd5 exd5 45. Ke2 f5 46. Bd2 Ba7 47. Rh1 f4 48.
Kd3 fxe3 49. Bxe3 Bb6 50. hxg4+ Rxg4 51. g3 Bd8 52. gxh4 Bf6 53. Rh3 Re8 54. Rf3
Bxh4 55. Rf7 Re7 56. Rxe7 Bxe7 57. Rh1+ Rh4 58. Rg1 Rg4 59. Rh1+ Rh4 60. Rg1 Bf6
61. Rg8 Rg4 62. Rf8 Bg5 63. Rb8 Bxe3 64. fxe3 Rg7 65. Rf8 Kg6 66. e4 dxe4+ 67.
Kxe4 Re7+ 68. Kd3 Rf7 69. Rd8 Kf6 70. d5 c5 71. d6 Ke6 72. Kc4 b6 73. Rb8 Rf4+
74. Kc3 Rb4 75. Rd8 Rd4 76. Rb8 Rb4 77. Rd8 a5 78. Rh8 Kxd6 79. Rh6+ Kc7 80. Rg6
Rd4 81. Rg7+ Kc6 82. Rg6+ Rd6 83. Rg5 Rh6 84. Rg2 Rh3+ 85. Kc2 Kb5 86. Rf2 Re3
87. Rh2 Kc6 88. Rh6+ Kc7 89. Rh7+ Kd6 90. Rh6+ Re6 91. Rh2 Rg6 92. Rf2 Kd5 93.
Rh2 Rg5 94. Rf2 Kd4 95. Rh2 Rg4 96. Rf2 Rg3 97. Rh2 Re3 98. Rg2 Ke4 99. Rh2 Rf3
100. Re2+ Re3 101. Rh2 b5 102. Rh4+ Kf3 103. Rh5 Re2+ 104. Kb1 Re1+ 105. Kc2
Re2+ 106. Kb1 Re1+ 1/2-1/2

[Event "Olimpiade 2014 - Open"]
[Site "Tromsø"]
[Date "14.08.2014"]
[Round "11.38"]
[Board "4"]
[White "Daly, Colm"]
[Black "Rayner, Francis"]
[Result "1-0"]
[WhiteTitle "FM"]
[WhiteElo "2323"]
[BlackElo "2177"]
[WhiteTeam "Ireland"]
[BlackTeam "Wales"]
[WhiteFideId "2500434"]
[BlackFideId "1800132"]
[EventDate "2014.08.02"]

1. c4 e5 2. g3 Nf6 3. Bg2 c6 4. d4 Bb4+ 5. Bd2 Bxd2+ 6. Qxd2 d6 7. Nc3 O-O 8. e3
Qe7 9. Nge2 Re8 10. h3 Nbd7 11. f4 exf4 12. exf4 Nb6 13. b3 Bf5 14. O-O-O d5 15.
c5 Nbd7 16. g4 Ne4 17. Bxe4 Bxe4 18. Rhe1 Qh4 19. Ng1 b6 20. Na4 bxc5 21. Nxc5
Nxc5 22. dxc5 a5 23. Kb2 Reb8 24. Ka3 Qe7 25. Rc1 Rb5 26. Qc3 Qb7 27. Red1 Rb8
28. Rd4 Rb4 29. Ne2 Qb5 30. Ng3 Bg2 31. Nf5 Rxd4 32. Nxd4 Qb7 33. h4 Be4 34. g5
Qc7 35. Rf1 Rb4 36. h5 h6 37. gxh6 gxh6 38. Rg1+ Kf8 39. Ne6+ fxe6 40. Qh8+ 1-0

[Event "Olimpiade 2014 - Open"]
[Site "Tromsø"]
[Date "14.08.2014"]
[Round "11.39"]
[Board "1"]
[White "Michiels, Bart"]
[Black "Wiedenkeller, Michael"]
[Result "1-0"]
[WhiteTitle "GM"]
[BlackTitle "IM"]
[WhiteElo "2535"]
[BlackElo "2471"]
[WhiteTeam "Belgium"]
[BlackTeam "Luxembourg"]
[WhiteFideId "202967"]
[BlackFideId "1700146"]
[EventDate "2014.08.02"]

1. d4 Nf6 2. c4 e6 3. Nc3 Bb4 4. Qc2 O-O 5. a3 Bxc3+ 6. Qxc3 b6 7. Bg5 Bb7 8. f3
h6 9. Bh4 d5 10. e3 Nbd7 11. cxd5 Nxd5 12. Bxd8 Nxc3 13. Bh4 Nd5 14. Bf2 c5 15.
e4 Ne7 16. Ne2 Rfd8 17. O-O-O Rac8 18. Nc3 cxd4 19. Rxd4 Nc6 20. Rd1 Nc5 21.
Rxd8+ Rxd8 22. Bxc5 bxc5 23. Na4 Na5 24. Kc2 Rc8 25. Bb5 a6 26. Be2 Bc6 27. Nc3
Bb7 28. Na4 Bc6 29. Nc3 c4 30. Na2 Kf8 31. Kc3 Bb5 32. Rd1 Ke7 33. e5 Nb3 34.
Kb4 Rb8 35. Bxc4 Na5 36. Kxa5 Bxc4 37. Nb4 Rb5+ 38. Ka4 Rc5 39. Rd2 a5 40. Rc2
g5 41. b3 Bb5+ 42. Kxa5 Rxe5 43. Kb6 Bd7 44. Nc6+ Bxc6 45. Kxc6 Re3 46. Rb2 Rc3+
47. Kb7 Kd7 48. a4 Rc7+ 49. Kb6 Rc6+ 50. Kb7 Rc7+ 51. Kb6 Rc6+ 52. Kb5 Kc7 53.
a5 Rd6 54. b4 f5 55. Kc5 Rd5+ 56. Kc4 Rd1 57. Re2 Kd6 58. a6 e5 59. Ra2 Rc1+ 60.
Kb5 1-0

[Event "Olimpiade 2014 - Open"]
[Site "Tromsø"]
[Date "14.08.2014"]
[Round "11.39"]
[Board "2"]
[White "Berend, Elvira"]
[Black "Ringoir, Tanguy"]
[Result "1/2-1/2"]
[WhiteTitle "WGM"]
[BlackTitle "IM"]
[WhiteElo "2330"]
[BlackElo "2508"]
[WhiteTeam "Luxembourg"]
[BlackTeam "Belgium"]
[WhiteFideId "4000510"]
[BlackFideId "208027"]
[EventDate "2014.08.02"]

1. e4 e5 2. Nf3 Nc6 3. Nc3 Nf6 4. d4 exd4 5. Nxd4 Bb4 6. Nxc6 bxc6 7. Bd3 d5 8.
exd5 O-O 9. O-O cxd5 10. h3 c6 11. Qf3 Bd6 12. Bf4 Rb8 13. b3 Rb7 14. Rad1 Re7
15. Bg5 Be5 16. Na4 h6 17. Bxf6 Bxf6 18. Bf5 Ba6 19. Bd3 Bc8 20. Bf5 Ba6 21. Bd3
Bc8 22. Bf5 Ba6 1/2-1/2

[Event "Olimpiade 2014 - Open"]
[Site "Tromsø"]
[Date "14.08.2014"]
[Round "11.39"]
[Board "3"]
[White "Docx, Stefan"]
[Black "Berend, Fred"]
[Result "0-1"]
[WhiteTitle "IM"]
[BlackTitle "IM"]
[WhiteElo "2491"]
[BlackElo "2380"]
[WhiteTeam "Belgium"]
[BlackTeam "Luxembourg"]
[WhiteFideId "200778"]
[BlackFideId "4000102"]
[EventDate "2014.08.02"]

1. c4 e5 2. Nc3 Nf6 3. Nf3 Nc6 4. e3 Bb4 5. Qc2 O-O 6. Nd5 Re8 7. Qf5 d6 8.
Nxf6+ Qxf6 9. Qxf6 gxf6 10. a3 Bc5 11. b4 Bb6 12. Bb2 a5 13. b5 Ne7 14. d4 a4
15. O-O-O Bg4 16. c5 Ba5 17. h3 Be6 18. Bd3 dxc5 19. dxe5 c4 20. exf6 cxd3 21.
fxe7 Bc4 22. Bf6 Bxb5 23. Nd4 Ra6 24. Bg5 Rg6 25. h4 Ba6 26. f4 Bc3 27. f5 Rb6
28. f6 h6 29. Bxh6 Rxf6 30. Bg5 Rf2 0-1

[Event "Olimpiade 2014 - Open"]
[Site "Tromsø"]
[Date "14.08.2014"]
[Round "11.39"]
[Board "4"]
[White "Jeitz, Christian"]
[Black "Vandenbussche, Thibaut"]
[Result "0-1"]
[BlackTitle "FM"]
[WhiteElo "2189"]
[BlackElo "2411"]
[WhiteTeam "Luxembourg"]
[BlackTeam "Belgium"]
[WhiteFideId "4000803"]
[BlackFideId "204412"]
[EventDate "2014.08.02"]

1. e4 g6 2. d4 Bg7 3. Nc3 d6 4. Be3 a6 5. Qd2 b5 6. Bd3 Nd7 7. Nf3 Bb7 8. a4 b4
9. Ne2 c5 10. c3 bxc3 11. Nxc3 Ngf6 12. Bh6 Bxh6 13. Qxh6 cxd4 14. Nxd4 Qb6 15.
Nde2 Qxf2+ 16. Kxf2 Ng4+ 17. Kg3 Nxh6 18. h4 Nc5 19. Bc2 f5 20. h5 fxe4 21. Nf4
Nf5+ 22. Kf2 g5 23. Nfd5 O-O 24. Kg1 Bxd5 25. Nxd5 Rab8 26. b4 e6 27. bxc5 exd5
28. cxd6 Rb2 29. d7 Rd8 30. Bd1 Rxd7 31. Rh3 Nh4 32. Rg3 h6 33. Bg4 Rd6 34. Rc1
d4 35. Rc8+ Kg7 36. Re8 e3 37. Kh2 Rf6 38. Re7+ Rf7 39. Re4 Rf4 40. Re7+ Kf8 41.
Re6 Kf7 42. Rxh6 d3 43. Rxe3 Rxg4 44. Rxa6 Rgxg2+ 45. Kh3 Rh2+ 46. Kg4 Rbg2+ 47.
Rg3 d2 0-1

[Event "Olimpiade 2014 - Open"]
[Site "Tromsø"]
[Date "14.08.2014"]
[Round "11.40"]
[Board "1"]
[White "Ladva, Ottomar"]
[Black "Iyti, Basher"]
[Result "0-1"]
[WhiteTitle "FM"]
[BlackTitle "IM"]
[WhiteElo "2387"]
[BlackElo "2263"]
[WhiteTeam "Estonia"]
[BlackTeam "Syria"]
[WhiteFideId "4500024"]
[BlackFideId "7601875"]
[EventDate "2014.08.02"]

1. d4 g6 2. e4 c6 3. Nc3 d5 4. h3 dxe4 5. Nxe4 Bg7 6. Nf3 Nd7 7. Bc4 Ngf6 8.
Nxf6+ Nxf6 9. O-O O-O 10. Re1 Bf5 11. c3 Rc8 12. a4 a6 13. a5 Be4 14. Ne5 c5 15.
Qb3 Bd5 16. Bxd5 Qxd5 17. Qxd5 Nxd5 18. Nd7 cxd4 19. Nxf8 dxc3 20. Nd7 cxb2 21.
Bxb2 Bxb2 22. Rab1 Rc2 23. Rbd1 e6 24. Nb6 Bc3 25. Rc1 Ra2 26. Re4 Bxa5 27. Ra4
Rxa4 28. Nxa4 Bb4 29. Rc8+ Kg7 30. Nb2 Kf6 31. Ra8 Bc5 32. Nc4 Nb4 33. Kf1 b5
34. Nd2 Ke5 35. Rd8 Nd5 36. Nf3+ Kf6 37. Ra8 Nc7 38. Rc8 Bb6 39. Nd2 a5 40. Ke2
Ke5 41. g3 Kd4 42. Nf3+ Kc3 43. Ne5 a4 44. Rb8 Nd5 45. Rc8+ Bc7 46. Nxf7 a3 47.
Ng5 a2 48. Ra8 Kb2 49. Kd3 Bd6 50. Rxa2+ Kxa2 51. Nxe6 b4 52. Nd4 b3 53. Nxb3
Kxb3 54. h4 Nf6 55. Ke3 Kc4 0-1

[Event "Olimpiade 2014 - Open"]
[Site "Tromsø"]
[Date "14.08.2014"]
[Round "11.40"]
[Board "2"]
[White "Omrani, Hasan"]
[Black "Seeman, Tarvo"]
[Result "0-1"]
[BlackTitle "IM"]
[WhiteElo "2085"]
[BlackElo "2392"]
[WhiteTeam "Syria"]
[BlackTeam "Estonia"]
[WhiteFideId "7601735"]
[BlackFideId "4500547"]
[EventDate "2014.08.02"]

1. d4 g6 2. Nf3 Bg7 3. e4 c5 4. dxc5 Qa5+ 5. c3 Qxc5 6. Be3 Qc7 7. h3 d6 8. Nbd2
Nf6 9. Bd3 O-O 10. O-O Nbd7 11. Nb3 b6 12. Re1 Bb7 13. Bf4 e5 14. Bg5 h6 15. Bc1
d5 16. Nfd2 Rad8 17. Qe2 Rfe8 18. f3 Nf8 19. Nf1 dxe4 20. Bxe4 Nxe4 21. fxe4 Ne6
22. Qc2 Qc6 23. Ng3 h5 24. Be3 Nf4 25. Rad1 Rxd1 26. Rxd1 h4 27. Ne2 Qxe4 28.
Qxe4 Nxe2+ 29. Kf2 Bxe4 30. Kxe2 Bxg2 31. Kf2 Bxh3 32. Rh1 Be6 33. Rxh4 f5 34.
Bg5 Rc8 35. Nd2 e4 36. a3 Kf7 37. Rh7 Rh8 38. Rxh8 Bxh8 39. Ke3 Be5 40. Nb1 Ba2
41. Nd2 b5 42. Ke2 a6 43. Ke3 Ke6 44. Nf1 Bf6 45. Bf4 g5 46. Bc7 Bd5 47. Nd2 Be5
48. Bb6 f4+ 49. Ke2 Kf5 50. a4 bxa4 51. Bc5 g4 52. Nf1 Bc4+ 53. Kf2 Bxf1 54.
Kxf1 e3 55. Ke2 Ke4 0-1

[Event "Olimpiade 2014 - Open"]
[Site "Tromsø"]
[Date "14.08.2014"]
[Round "11.40"]
[Board "3"]
[White "Krupenski, Juri"]
[Black "Akhras, Khaled"]
[Result "0-1"]
[WhiteTitle "FM"]
[WhiteElo "2277"]
[BlackElo "2246"]
[WhiteTeam "Estonia"]
[BlackTeam "Syria"]
[WhiteFideId "4501101"]
[BlackFideId "7600909"]
[EventDate "2014.08.02"]

1. c4 c5 2. Nf3 Nc6 3. Nc3 g6 4. g3 Bg7 5. Bg2 d6 6. O-O Nh6 7. Rb1 O-O 8. a3
Be6 9. d3 Nf5 10. Bd2 Nfd4 11. Ne1 Rc8 12. b4 b6 13. b5 Na5 14. e3 Nf5 15. Qc2
Bd7 16. f4 e5 17. Nf3 exf4 18. gxf4 Re8 19. Rbe1 Be6 20. Ng5 h6 21. Nxe6 fxe6
22. Kh1 Rc7 23. Rg1 Kh7 24. Be4 Rg8 25. Rg2 Bf6 26. Reg1 Rcg7 27. Ne2 Nh4 28.
Rg3 d5 29. cxd5 exd5 30. Bg2 Nb7 31. e4 Nxg2 32. R3xg2 Bd4 33. Nxd4 cxd4 34. f5
Nc5 35. Bf4 Qf6 36. Qe2 dxe4 37. dxe4 d3 38. Qf3 gxf5 39. e5 Rxg2 40. Rxg2 Qf7
41. Rxg8 Qxg8 42. Qc6 Qg6 43. Be3 f4 44. e6 fxe3 45. e7 Qxc6+ 46. bxc6 d2 47.
e8=Q d1=Q+ 48. Kg2 Qg4+ 49. Kh1 Qf3+ 50. Kg1 Qf2+ 0-1

[Event "Olimpiade 2014 - Open"]
[Site "Tromsø"]
[Date "14.08.2014"]
[Round "11.41"]
[Board "1"]
[White "Vasquez Schroeder, Rodrigo"]
[Black "Rajaonarison, Faniry"]
[Result "1-0"]
[WhiteTitle "GM"]
[BlackTitle "CM"]
[WhiteElo "2533"]
[BlackElo "2112"]
[WhiteTeam "Chile"]
[BlackTeam "Madagascar"]
[WhiteFideId "3400042"]
[BlackFideId "13100424"]
[EventDate "2014.08.02"]

1. e4 c5 2. Nf3 d6 3. d4 cxd4 4. Nxd4 Nf6 5. Nc3 a6 6. Bg5 Nbd7 7. Bc4 e6 8. Qd2
h6 9. Bxf6 Qxf6 10. O-O-O g5 11. Kb1 b5 12. Bd5 Rb8 13. Nc6 b4 14. Na4 exd5 15.
Nxb8 Nxb8 16. Qxb4 Nd7 17. Nc3 Qxf2 18. exd5 Be7 19. Rhe1 Qb6 20. Qc4 Qd8 21. h4
Ne5 22. Qa4+ Qd7 23. Qd4 O-O 24. hxg5 hxg5 25. Rh1 Qg4 26. Qf2 Kg7 27. Rdf1 Ng6
28. g3 Bd7 29. Rh2 Ne5 30. Rfh1 Bf5 31. Rh6 Qf3 32. Qe1 Bg6 33. R6h2 Ng4 34. Rf1
Qxf1 35. Qxf1 Nxh2 36. Qe2 Bf6 37. Qxh2 Rh8 38. Qg2 Be5 39. a3 g4 40. Kc1 Re8
41. Qf2 Rh8 42. Ne2 Rh1+ 43. Kd2 Rb1 44. b3 Rh1 45. Qe3 Rh5 46. c4 Bf6 47. Qf2
Be4 48. b4 Rh1 49. Qf4 Bf3 50. Nc3 Rh5 51. Qxd6 Be5 52. Qb6 Bxg3 53. d6 Rh2+ 54.
Kd3 Be1 55. Ne4 f5 56. Qd4+ Kh7 57. Ng5+ Kg6 58. Nxf3 gxf3 59. Qf4 1-0

[Event "Olimpiade 2014 - Open"]
[Site "Tromsø"]
[Date "14.08.2014"]
[Round "11.41"]
[Board "2"]
[White "Rakotomaharo, Fy Antenaina"]
[Black "Henriquez Villagra, Cristobal"]
[Result "0-1"]
[WhiteTitle "CM"]
[BlackTitle "IM"]
[WhiteElo "2253"]
[BlackElo "2457"]
[WhiteTeam "Madagascar"]
[BlackTeam "Chile"]
[WhiteFideId "13100050"]
[BlackFideId "3409350"]
[EventDate "2014.08.02"]

1. d4 Nf6 2. c4 e6 3. Nc3 d5 4. cxd5 exd5 5. Bg5 Be7 6. e3 c6 7. Bd3 O-O 8. Qc2
h6 9. Bh4 Re8 10. Nf3 Nbd7 11. O-O Ne4 12. Bxe7 Qxe7 13. Bxe4 dxe4 14. Nd2 Nf6
15. Rab1 Bf5 16. b4 Rad8 17. Na4 a6 18. Qc5 Qe6 19. Qc2 Nd5 20. Nc5 Qg6 21. Kh1
Bc8 22. Rfe1 Nf6 23. f3 Bf5 24. f4 Nd5 25. Nf1 b6 26. Nxa6 Ra8 27. b5 cxb5 28.
Nb4 Nxf4 29. Ng3 Nd3 30. Red1 Bg4 31. Rf1 Be6 32. Qc7 Nxb4 33. Rxb4 Bxa2 34. Rb2
Bc4 35. Re1 Rac8 36. Qf4 Qg5 37. Qd6 Re6 38. Qd7 Ra8 39. Rf2 Qe7 40. Qxe7 Rxe7
41. Rb2 g6 42. Kg1 f5 43. h4 h5 44. Ne2 Ra3 45. Nf4 Kf7 46. d5 Rea7 47. Kh2 Ra2
48. Rbb1 Rd2 49. Kg3 Raa2 50. Rec1 Ke8 51. Rg1 Kf7 52. Rgc1 Ra3 53. Re1 Kf6 54.
Kh2 Raa2 55. Kg3 Ra4 56. Rec1 Rd3 57. Re1 Rd2 58. Rec1 Raa2 59. Kh2 g5 60. hxg5+
Kxg5 61. Rxc4 bxc4 62. Rxb6 Rxg2+ 63. Nxg2 Kg4 64. Rg6+ Kf3 65. d6 h4 66. Rg5 f4
67. d7 Rd2 68. Kh3 Rxd7 69. exf4 Rc7 70. Ra5 c3 71. Ra1 e3 72. f5 e2 73. f6 c2
74. Rc1 Kf2 75. Ne1 Rf7 76. Nxc2 Rxf6 77. Nd4 e1=Q 78. Rxe1 Kxe1 79. Nc2+ Kd2
80. Nd4 Kd3 81. Nb3 Rf5 82. Nc1+ Kd2 83. Nb3+ Kc3 84. Nc1 Rf2 85. Kg4 Rc2 0-1

[Event "Olimpiade 2014 - Open"]
[Site "Tromsø"]
[Date "14.08.2014"]
[Round "11.41"]
[Board "3"]
[White "Valenzuela Fuentealba, Luis"]
[Black "Rakotoniaina, Antsiva"]
[Result "1-0"]
[WhiteTitle "IM"]
[WhiteElo "2455"]
[BlackElo "2014"]
[WhiteTeam "Chile"]
[BlackTeam "Madagascar"]
[WhiteFideId "3401294"]
[BlackFideId "13100173"]
[EventDate "2014.08.02"]

1. d4 Nf6 2. Nf3 g6 3. c4 Bg7 4. g3 O-O 5. Bg2 d5 6. O-O c6 7. cxd5 Nxd5 8. e4
Nb6 9. h3 Na6 10. Nc3 c5 11. d5 Nc4 12. Qe2 Na5 13. Rd1 b6 14. Bf4 Nb4 15. Nb5
Ba6 16. a3 Qd7 17. Bf1 Nc2 18. Rac1 Nd4 19. Nfxd4 Bxd4 20. b4 Nb7 21. a4 Bg7 22.
Qd2 Rfc8 23. bxc5 Nxc5 24. Qb4 Bb7 25. Be3 Na6 26. Qa3 Nc7 27. Nxc7 Rxc7 28. a5
Rac8 29. Rxc7 Rxc7 30. axb6 axb6 31. Bxb6 Rc3 32. Qb4 Rc2 33. Bd4 Qc7 34. Bd3
Bxd4 35. Qxd4 Rc5 36. Bf1 Qd6 37. Bg2 f6 38. f4 Rc2 39. Rd2 Qc5 40. Qxc5 Rxc5
41. Kf2 Kf7 42. Ke3 Rc3+ 43. Rd3 Rc2 44. Bf3 h5 45. f5 h4 46. gxh4 gxf5 47. exf5
Rc8 48. d6 Bxf3 49. d7 Rd8 50. Kxf3 e6 51. h5 e5 52. h6 Kg8 53. Ke4 Kh7 54. Rd6
Kxh6 55. Rxf6+ Kg7 56. Rd6 1-0

[Event "Olimpiade 2014 - Open"]
[Site "Tromsø"]
[Date "14.08.2014"]
[Round "11.41"]
[Board "4"]
[White "Ramasindraibe, Girard"]
[Black "Salinas Herrera, Pablo"]
[Result "0-1"]
[WhiteTitle "CM"]
[BlackTitle "FM"]
[WhiteElo "2065"]
[BlackElo "2398"]
[WhiteTeam "Madagascar"]
[BlackTeam "Chile"]
[WhiteFideId "13100254"]
[BlackFideId "3407128"]
[EventDate "2014.08.02"]

1. d4 Nf6 2. Nf3 g6 3. g3 Bg7 4. Bg2 O-O 5. O-O d6 6. c4 c6 7. b3 Bf5 8. Bb2 Qc8
9. Nc3 Bh3 10. Re1 Bxg2 11. Kxg2 a6 12. e4 Nfd7 13. Qd2 Qc7 14. Rac1 e5 15. dxe5
dxe5 16. Qg5 Nc5 17. Red1 Re8 18. Rc2 Nbd7 19. Qh4 Nf8 20. Rcd2 Nce6 21. Ne2 h6
22. Ba3 Qc8 23. Bd6 Nd7 24. Qh3 Nf6 25. Nc3 Nh5 26. Kh1 Nd4 27. Qxc8 Raxc8 28.
Kg2 c5 29. Nd5 Nf6 30. Ne7+ Rxe7 31. Bxe7 Nxe4 32. Rb2 Re8 33. Re1 Rxe7 34. Rxe4
Nxf3 35. Kxf3 f5 36. Ree2 e4+ 37. Kf4 Be5+ 38. Ke3 f4+ 39. gxf4 Bd4+ 40. Kd2
Bxb2 41. Re1 Bd4 42. Ke2 Kf7 43. Rg1 b5 44. Rb1 b4 45. Rg1 a5 46. Rg3 a4 47. Rh3
axb3 48. axb3 Ra7 49. Rxh6 Ra2+ 50. Ke1 Bxf2+ 51. Kf1 Bd4 52. h4 Bg7 0-1

[Event "Olimpiade 2014 - Open"]
[Site "Tromsø"]
[Date "14.08.2014"]
[Round "11.42"]
[Board "1"]
[White "Ferster, Fabian"]
[Black "Gruenfeld, Yehuda"]
[Result "0-1"]
[WhiteTitle "CM"]
[BlackTitle "GM"]
[WhiteElo "2137"]
[BlackElo "2448"]
[WhiteTeam "Liechtenstein"]
[BlackTeam "ICCD"]
[WhiteFideId "4695330"]
[BlackFideId "2800020"]
[EventDate "2014.08.02"]

1. e4 c5 2. Nf3 e6 3. Nc3 a6 4. d4 cxd4 5. Nxd4 b5 6. Be2 Bb7 7. Bf3 Qc7 8. O-O
Nc6 9. Re1 Ne5 10. Bf4 d6 11. Bh5 g6 12. Be2 Nf6 13. Bg5 Ned7 14. Bd3 Be7 15.
Bh6 b4 16. Na4 d5 17. exd5 Nxd5 18. c4 bxc3 19. bxc3 Bd6 20. Rb1 Bxh2+ 21. Kh1
Be5 22. c4 N5f6 23. Nf3 Ng4 24. Qd2 Bxf3 25. gxf3 Bc3 0-1

[Event "Olimpiade 2014 - Open"]
[Site "Tromsø"]
[Date "14.08.2014"]
[Round "11.42"]
[Board "3"]
[White "Frick, Renato"]
[Black "Klasan, Vladimir"]
[Result "0-1"]
[BlackTitle "IM"]
[WhiteElo "2057"]
[BlackElo "2365"]
[WhiteTeam "Liechtenstein"]
[BlackTeam "ICCD"]
[WhiteFideId "12000027"]
[BlackFideId "934054"]
[EventDate "2014.08.02"]

1. e4 c5 2. Nf3 d6 3. d4 cxd4 4. Nxd4 Nf6 5. Nc3 Nc6 6. Bg5 e6 7. Qd2 Be7 8.
O-O-O O-O 9. h4 h6 10. Nxc6 bxc6 11. Bf4 e5 12. Be3 Ng4 13. g3 Be6 14. Kb1 Nxe3
15. Qxe3 Qa5 16. Bh3 Rab8 17. Ka1 d5 18. exd5 cxd5 19. Qe1 Rxb2 20. Rb1 Rxb1+
21. Nxb1 Qxe1 22. Rxe1 Bxh3 0-1

[Event "Olimpiade 2014 - Open"]
[Site "Tromsø"]
[Date "14.08.2014"]
[Round "11.42"]
[Board "4"]
[White "Anarkulov, Alisher"]
[Black "Guller, Andras"]
[Result "1/2-1/2"]
[BlackTitle "CM"]
[WhiteElo "2222"]
[BlackElo "2042"]
[WhiteTeam "ICCD"]
[BlackTeam "Liechtenstein"]
[WhiteFideId "14201038"]
[BlackFideId "12000078"]
[EventDate "2014.08.02"]

1. e4 c5 2. Nf3 e6 3. d4 cxd4 4. Nxd4 a6 5. Bd3 Nf6 6. O-O Qc7 7. c4 d6 8. Nc3
g6 9. b3 Nbd7 10. Bb2 Bg7 11. Qe2 O-O 12. Rac1 Ne5 13. Bb1 Bd7 14. Kh1 Qb6 15.
Nc2 Rfd8 16. Ne3 Bc6 17. Rfd1 Nh5 18. Ba3 Bf8 19. f3 Qa5 20. Qb2 b5 21. b4 Qb6
22. c5 Qa7 23. Ne2 Bg7 24. Qb3 dxc5 25. Rxc5 Rxd1+ 26. Qxd1 Qb6 27. Bb2 Nd7 28.
Bxg7 Nxg7 29. Rc3 Rd8 30. Rd3 Rb8 31. a3 Ne5 32. Rc3 Rd8 33. Qc1 Bb7 34. f4 Nc6
35. Ng4 Nh5 36. Rh3 Nd4 37. Ng1 f5 38. exf5 exf5 39. Ne5 Ne6 40. Ba2 Bd5 41.
Bxd5 Rxd5 42. Nc6 Rd7 43. Rc3 Nhxf4 44. Ne5 Rd8 45. h3 Qf2 46. Rc2 Qg3 47. Qa1
Nd3 48. Nxd3 Qxd3 49. Rc6 Rd6 50. Rc8+ Rd8 51. Qf6 Qd5 52. Rxd8+ Nxd8 53. Qxa6
Ne6 54. Nf3 Kg7 55. Qa7+ Kh6 56. Qf7 Qd1+ 57. Kh2 Qd6+ 58. g3 Ng5 59. Nxg5 Qd2+
60. Kg1 Qe1+ 1/2-1/2